000 00683nam a2200265Ia 4500
005 20260121170701.0
008 008 260114s9999 xx 000 0 eng d
020 _a9783319922041
037 _aEBOOK
040 _aCRL
040 _beng
040 _cCRL
041 _2eng
041 _aeng
084 _qCRL
100 _aJulian Barreiro-Gomez
_91066897
245 4 _aThe Role of Population Games in the Design of Optimization-Based Controllers
260 _bSpringer
260 _bSpringer
260 _c2019
856 _uhttps://link.springer.com/openurl?genre=book&isbn=978-3-319-92204-1
942 _cEBOOK
999 _c1632627
_d1632627